| 000 | 00362nam a2200157Ia 4500 | ||
|---|---|---|---|
| 003 | OSt | ||
| 005 | 20240123111304.0 | ||
| 008 | 170524s9999 xx 000 0 und d | ||
| 020 | _a9780191968662 | ||
| 040 | _cIIMT UNIVERSITY | ||
| 100 | _aMellahi-K | ||
| 100 | _c2007 | ||
| 245 | 0 | _aGlobal Strategic Management | |
| 260 | _aOxford University | ||
| 942 |
_2ddc _c01 |
||
| 999 |
_c2341 _d2341 |
||